000
00323nam a22001217a 4500
008
181127b xxu||||| |||| 00| 0 eng d
041
_a
eng
080
_a
043.3
100
_a
0
101
_a
MTH-MEK
245
_a
Materialet e së ardhmes- nanomaterialet dhe përdorimi i tyre në Mekatronike
_c
Hysenaj,D
942
_2
udc
_c
BK
999
_c
52568
_d
52568